书目信息 |
| 题名: |
升维阅读
|
|
| 作者: | 沃尔夫 著 ;陈丽芳 译 | |
| 分册: | ||
| 出版信息: | 北京 中信出版集团股份有限公司 2021.4 |
|
| 页数: | 247页 | |
| 开本: | 21cm | |
| 丛书名: | ||
| 单 册: | ||
| 中图分类: | G255.75 | |
| 科图分类: | ||
| 主题词: | 电子图书--dian zi tu shu--阅读--研究 | |
| 电子资源: | ||
| ISBN: | 978-7-5217-2453-0 | |
| 000 | 01128nam0 2200265 450 | |
| 001 | 2157996026 | |
| 005 | 20211011172911.0 | |
| 010 | @a978-7-5217-2453-0@dCNY55.00 | |
| 100 | @a20210413d2021 em y0chiy50 ea | |
| 101 | 1 | @achi@ceng |
| 102 | @aCN@b110000 | |
| 105 | @aa z 000yy | |
| 106 | @ar | |
| 200 | 1 | @a升维阅读@Asheng wei yue du@e数字时代下人类该如何阅读@dReader, come home@ethe reading brain in a digital world@f(美)玛丽安娜·沃尔夫(Maryanne Wolf)著@g陈丽芳译@zeng |
| 210 | @a北京@c中信出版集团股份有限公司@d2021.4 | |
| 215 | @a247页@c图@d21cm | |
| 330 | @a本书探讨了时下阅读方式的改变,阐明了在电子技术时代大脑如何变得无所不能。在作者看来,新的阅读方式给我们带来困境和挑战的同时,也提供了发展的契机。 | |
| 510 | 1 | @aReader, come home@ethe reading brain in a digital world@zeng |
| 517 | 1 | @a数字时代下人类该如何阅读@Ashu zi shi dai xia ren lei gai ru he yue du |
| 606 | 0 | @a电子图书@Adian zi tu shu@x阅读@x研究 |
| 690 | @aG255.75@v5 | |
| 701 | 0 | @c(美)@a沃尔夫@Awo er fu@c(Wolf, Maryanne)@4著 |
| 702 | 0 | @a陈丽芳@Achen li fang@4译 |
| 801 | 0 | @aCN@b百万庄@c20211007 |
| 905 | @b1306145-48@dG255.75@e44@f4 | |
| 升维阅读:数字时代下人类该如何阅读=Reader, come home:the reading brain in a digital world/(美)玛丽安娜·沃尔夫(Maryanne Wolf)著/陈丽芳译.-北京:中信出版集团股份有限公司,2021.4 |
| 247页:图;21cm |
| ISBN 978-7-5217-2453-0:CNY55.00 |
| 本书探讨了时下阅读方式的改变,阐明了在电子技术时代大脑如何变得无所不能。在作者看来,新的阅读方式给我们带来困境和挑战的同时,也提供了发展的契机。 |
| ● |
| 相关链接 |
|
|
|
|
正题名:升维阅读
索取号:G255.75/44
 
预约/预借
| 序号 | 登录号 | 条形码 | 馆藏地/架位号 | 状态 | 备注 |
| 1 | 1306145 | 213061452 | 第一样本阅览室/ [索取号:G255.75/44] | 在馆 | |
| 2 | 1306146 | 213061461 | 第四借阅区/ [索取号:G255.75/44] | 在馆 | |
| 3 | 1306147 | 213061470 | 第四借阅区/ [索取号:G255.75/44] | 在馆 | |
| 4 | 1306148 | 213061489 | 第四借阅区/ [索取号:G255.75/44] | 在馆 |